Czasowniki francuskie z pełnymi odmianami /
保存先:
| その他の著者: | |
|---|---|
| フォーマット: | 図書 |
| 言語: | ポーランド語 フランス語 |
| 出版事項: |
Warszawa :
Buchmann : Langenscheidt Polska,
cop. 2007.
|
| 主題: | |
| タグ: |
タグなし, このレコードへの初めてのタグを付けませんか!
|
MARC
| LEADER | 00000nam a2200000 i 4500 | ||
|---|---|---|---|
| 001 | 9912879997805606 | ||
| 005 | 20260515140225.0 | ||
| 008 | 110407s2007 pl 000 0 pol d | ||
| 020 | |a 9788374762090 | ||
| 035 | |a 990002142520207662-48omnis_network | ||
| 035 | |a (Aleph)000214252MBP01 | ||
| 035 | |a (PL)b0000090094484 | ||
| 040 | |a MBPWR |c MBPWR | ||
| 041 | 0 | |a pol |a fre | |
| 080 | |a 811.133.1'367.6 | ||
| 090 | |c 36 |d 35 | ||
| 245 | 0 | 0 | |a Czasowniki francuskie z pełnymi odmianami / |c [oprac. Anna Lipska]. |
| 260 | |a Warszawa : |b Buchmann : |b Langenscheidt Polska, |c cop. 2007. | ||
| 300 | |a 160 s. ; |c 21 cm. | ||
| 650 | 7 | |a Czasownik | |
| 650 | 7 | |a Język francuski | |
| 700 | 1 | |a Lipska, Anna |e Opracowanie | |
| 920 | |a 978-83-7476-209-0 | ||
| 942 | |c K | ||
| 952 | |0 0 |1 0 |4 0 |6 R__1_000000000000000 |7 0 |9 34 |a RYT |b RYT |d 2026-03-17 |e 1/2026 |g 10.00 |l 0 |o R.1 |p 2000000000015 |r 2026-05-15 14:02:25 |w 2026-05-15 |y BK |z da | ||
| 999 | |c 34 |d 34 | ||